Population and housing census, Community report : Magura.

Λεπτομέρειες βιβλιογραφικής εγγραφής
Συγγραφή απο Οργανισμό/Αρχή: Bangladesh. Parishankhyan Bureau. Statistics and Informatics Division
Μορφή: Βιβλίο
Γλώσσα:English
Bengali
Έκδοση: Dhaka : Bangladesh Bureau of Statistics, Statistics and Informatics Division, Ministry of Planning, Government of the People's Republic of Bangladesh, 2025.
Θέματα:
Classic Catalogue: View this record in Classic Catalogue
LEADER 01677nam a22003137a 4500
001 44693
003 BD-DhAAL
005 20250908095749.0
008 250908t2025 bg adb|| s|||f00| 0 eng d
020 |a 9789844753297 
040 |a BD-DhAAL  |c BD-DhAAL 
041 |a eng  |a ben 
082 |a 304.6095492  |2 23 
245 |a Population and housing census,  |f 2022.  |p Community report : Magura. 
246 |a Population and housing census 2022 
246 |a জনশুমারি ও গৃহগণনা  |f ২০২২.  |p কমিউনিটি রিপোর্ট : মাগুরা 
246 |a জনশুমারি ও গৃহগণনা ২০২২ 
260 |a Dhaka :  |b Bangladesh Bureau of Statistics, Statistics and Informatics Division, Ministry of Planning, Government of the People's Republic of Bangladesh,  |c 2025. 
300 |a xvii, 400 pages :  |b color illustrations, maps, charts ;  |c 28 cm 
500 |a Chiefly statistical tables. 
541 |a Complimentary copy from Bangladesh Bureau of Statistics (BBS)  |e 44693 
650 |a Housing  |z Bangladesh  |v Statistics. 
651 |a Bangladesh  |x Population  |v Statistics. 
651 |a Bangladesh  |x Census, 2022.  |9 57181 
710 |a Bangladesh.  |b Parishankhyan Bureau.  |b Statistics and Informatics Division.  |9 57182 
852 |a Ayesha Abed Library  |c Reference Section 
942 |2 ddc  |c BK 
999 |c 47509  |d 47509 
952 |0 0  |1 0  |2 ddc  |4 0  |6 304_609549200000000_POP  |7 1  |8 RPT  |9 78131  |a BRACUL  |b BRACUL  |c REF  |d 2025-09-08  |e Complimentary copy from Bangladesh Bureau of Statistics (BBS)  |g 800.00  |l 0  |o 304.6095492 POP  |p 3010044693  |r 2025-09-08  |t 1  |v 1600.00  |w 2025-09-08  |y BK  |x Complimentary copy from Bangladesh Bureau of Statistics (BBS)